Vista normal
Vista MARC
Entrada Corporate Name
Número de registros utilizados en: 1
001 - CONTROL NUMBER
- control field: 9237
003 - CONTROL NUMBER IDENTIFIER
- control field: OSt
005 - DATE AND TIME OF LATEST TRANSACTION
- control field: 20200825170839.0
008 - FIXED-LENGTH DATA ELEMENTS
- fixed length control field: 200825|| aca||aabn | a|a d
040 ## - CATALOGING SOURCE
- Original cataloging agency: OSt
- Transcribing agency: OSt
110 ## - HEADING--CORPORATE NAME
- Corporate name or jurisdiction name as entry element: Colombia. Presidencia de la República - Colsiencias
670 ## - SOURCE DATA FOUND
- Source citation: Work cat.: (OSt)6068: Colombia. Presidencia de la República - Colsiencias, Informe Conjunto Colombia: Al Filo de la Oportunidad /, 1995.